[Event "CFO-ch"]
[Site "Moscow"]
[Date "2013.02.21"]
[Round "3"]
[White "Kolokolov, Urii"]
[Black "Airapetian, Gor"]
[Result "0-1"]
[WhiteElo "2038"]
[BlackElo "2435"]
[PlyCount "151"]
[EventDate "2013.02.21"]
[EventType "swiss (rapid)"]
[EventRounds "9"]
[EventCountry "RUS"]
[SourceTitle "CBM 153 Extra"]
[Source "ChessBase"]
[SourceDate "2013.04.22"]
[SourceVersion "1"]
[SourceVersionDate "2013.04.22"]
[SourceQuality "1"]

1. b3 d5 2. Bb2 Nf6 3. Nf3 Bf5 4. e3 e6 5. c4 Be7 6. Nc3 c6 7. Be2 h6 8. 0-0 0-0 9. d3 Nbd7 10. cxd5 exd5 11. Qc2 Bg6 12. Rfd1 Re8 13. Rac1 Bd6 14. h3 Qe7 15. Re1 Ne5 16. Na4 Ned7 17. Nc3 Bh5 18. Nb1 a5 19. Nbd2 Bg6 20. Rcd1 a4 21. Bf1 Bb4 22. Bc3 axb3 23. axb3 Qc5 24. Rc1 Bxc3 25. Qxc3 Qxc3 26. Rxc3 Ra2 27. Rec1 Rea8 28. b4 Rb2 29. Rb3 Raa2 30. Rxb2 Rxb2 31. Rb1 Ra2 32. g4 Ne8 33. Nb3 Nd6 34. Ra1 Rxa1 35. Nxa1 f6 36. Nb3 Kf7 37. Nfd4 Ke7 38. f4 Nb8 39. Nc5 b6 40. Na4 Nc8 41. f5 Bf7 42. b5 c5 43. Ne2 Nd7 44. d4 Kd6 45. Nf4 Ne7 46. Bg2 g6 47. fxg6 Nxg6 48. Nxg6 Bxg6 49. Nc3 Bf7 50. Kf2 Nf8 51. h4 Ng6 52. Kg3 Be6 53. Bf3 Ne7 54. Kf4 Bd7 55. Be2 Nc8 56. Na4 Kc7 57. Nc3 Kd6 58. Na4 Be6 59. Bd3 Bd7 60. Be2 c4 61. Nc3 Na7 62. e4 Nxb5 63. Nxd5 Nxd4 64. Bxc4 b5 65. Ba2 Be6 66. Ke3 Ke5 67. Nc3 Bxg4 68. Bf7 b4 69. Na4 Be6 70. Bh5 b3 71. Bd1 Nb5 72. Nb2 Nc3 73. Nd3+ Kd6 74. Bf3 Na4 75. Kd2 Bc4 76. Nc1 0-1

[Event "CFO-ch"]
[Site "Moscow"]
[Date "2013.02.21"]
[Round "4"]
[White "Konenkin, Dmitry"]
[Black "Kolokolov, Urii"]
[Result "1/2-1/2"]
[WhiteElo "2133"]
[BlackElo "2038"]
[PlyCount "127"]
[EventDate "2013.02.21"]
[EventType "swiss (rapid)"]
[EventRounds "9"]
[EventCountry "RUS"]
[SourceTitle "CBM 153 Extra"]
[Source "ChessBase"]
[SourceDate "2013.04.22"]
[SourceVersion "1"]
[SourceVersionDate "2013.04.22"]
[SourceQuality "1"]

1. d4 Nf6 2. Bg5 g6 3. Bxf6 exf6 4. e3 f5 5. Nd2 d6 6. Qf3 Bg7 7. Bd3 0-0 8. h3 Nc6 9. c3 Re8 10. Ne2 Bd7 11. g4 Ne7 12. e4 fxe4 13. Bxe4 d5 14. Bd3 c5 15. 0-0-0 cxd4 16. Nxd4 Nc6 17. N2b3 Nxd4 18. Nxd4 Qa5 19. Kb1 Qc5 20. Bc2 b5 21. Bb3 Be6 22. Nxe6 fxe6 23. Qe3 Qxe3 24. fxe3 a5 25. a4 bxa4 26. Bxa4 Reb8 27. Ka2 Rb6 28. e4 Rab8 29. Rh2 Rd6 30. exd5 Rxd5 31. Rxd5 exd5 32. Rd2 d4 33. cxd4 Rb4 34. Bb3+ Kf8 35. d5 Ke7 36. Ka3 Kd6 37. Re2 Be5 38. Rc2 h5 39. Rc6+ Kd7 40. Rxg6 hxg4 41. hxg4 Rf4 42. Ba4+ Kc7 43. Rc6+ Kb7 44. Re6 Bxb2+ 45. Kxb2 Rxa4 46. Rg6 Rd4 47. Rg5 Kc7 48. Kc3 Rd1 49. Kc4 a4 50. Rg7+ Kd6 51. Rg6+ Kc7 52. Kc5 Rc1+ 53. Kb4 Rd1 54. Kxa4 Rxd5 55. Kb4 Kd7 56. Kc4 Rd1 57. g5 Ke7 58. Rf6 Rg1 59. Rf5 Ke6 60. Ra5 Rg4+ 61. Kd3 Kf7 62. Ke3 Kg6 63. Kf3 Rxg5 64. Rxg5+ 1/2-1/2

[Event "Moscow Govrnor Cup-A rapid"]
[Site "Moscow"]
[Date "2013.02.20"]
[Round "7"]
[White "Nechaeva, Marina"]
[Black "Kolokolov, Urii"]
[Result "1-0"]
[WhiteElo "2349"]
[BlackElo "2038"]
[PlyCount "105"]
[EventDate "2013.02.19"]
[EventType "swiss (rapid)"]
[EventRounds "11"]
[EventCountry "RUS"]
[SourceTitle "CBM 153 Extra"]
[Source "ChessBase"]
[SourceDate "2013.04.22"]
[SourceVersion "1"]
[SourceVersionDate "2013.04.22"]
[SourceQuality "1"]

1. d4 Nf6 2. c4 e6 3. Nc3 Bb4 4. Qc2 0-0 5. a3 Bxc3+ 6. Qxc3 d6 7. Bg5 Nbd7 8. e3 c5 9. dxc5 dxc5 10. Bd3 h6 11. Bh4 Qc7 12. Ne2 b6 13. 0-0 Bb7 14. Bg3 e5 15. f3 Rfe8 16. Qc2 Rad8 17. Nc3 Bc6 18. Rad1 Qb7 19. Be2 Nh5 20. Bh4 Nhf6 21. e4 g5 22. Bf2 Nf8 23. Nd5 Bxd5 24. cxd5 Re7 25. Bb5 Qb8 26. b4 cxb4 27. axb4 Ne8 28. Bxe8 Rdxe8 29. Rc1 Kg7 30. Rfd1 Qd6 31. b5 Rd7 32. Qa4 Qb8 33. Rc6 Ng6 34. Be3 Ne7 35. Bc1 Red8 36. Ba3 Nc8 37. Qc2 Nd6 38. Bxd6 Rxd6 39. Qc3 f6 40. Rc1 R6d7 41. Rc7 Kf7 42. Qc6 Rxc7 43. Qxc7+ Qxc7 44. Rxc7+ Kg6 45. Rxa7 f5 46. Re7 fxe4 47. fxe4 Rc8 48. Rxe5 Rc5 49. Re6+ Kf7 50. Rxb6 h5 51. h3 Rc4 52. Re6 Rb4 53. b6 1-0

[Event "Moscow Govrnor Cup-A rapid"]
[Site "Moscow"]
[Date "2013.02.20"]
[Round "10"]
[White "Rodionova, Polina"]
[Black "Kolokolov, Urii"]
[Result "1-0"]
[WhiteElo "2093"]
[BlackElo "2038"]
[PlyCount "71"]
[EventDate "2013.02.19"]
[EventType "swiss (rapid)"]
[EventRounds "11"]
[EventCountry "RUS"]
[SourceTitle "CBM 153 Extra"]
[Source "ChessBase"]
[SourceDate "2013.04.22"]
[SourceVersion "1"]
[SourceVersionDate "2013.04.22"]
[SourceQuality "1"]

1. e4 c5 2. Nf3 e6 3. d3 Nc6 4. g3 d5 5. Nbd2 Nf6 6. Bg2 Be7 7. 0-0 0-0 8. exd5 exd5 9. Re1 Re8 10. d4 Bg4 11. h3 Bh5 12. dxc5 Bxc5 13. Nb3 Bb6 14. Bg5 Rxe1+ 15. Qxe1 h6 16. Be3 Nb4 17. Qxb4 Bxe3 18. fxe3 Ne4 19. Qe1 Qc7 20. g4 Bg6 21. Nbd4 Qb6 22. b3 Re8 23. Nh4 Bh7 24. Bxe4 Rxe4 25. Qf2 Qb4 26. Rf1 f6 27. Nhf5 Qa3 28. Nxg7 Qe7 29. Ngf5 Qe5 30. Nxh6+ Kg7 31. Nhf5+ Kg8 32. Qg3 Qxg3+ 33. Nxg3 Rxe3 34. Nh5 Rxh3 35. Kg2 Rc3 36. Nxf6+ 1-0